Роль органического вещества почв в миграции тяжёлых металлов; Природа; № 7

Dades bibliogràfiques
Parent link:Природа: естественно-научный журнал/ Российская Академия наук.— , 1912-.— 0032-874X
№ 7.— 2004.— с. 35-39
Autor principal: Добровольский В. В.
Idioma:rus
Publicat: 2004
Matèries:
Format: MixedMaterials Capítol de llibre
KOHA link:https://koha.lib.tpu.ru/cgi-bin/koha/opac-detail.pl?biblionumber=393106

MARC

LEADER 00000naa2a2200000 4500
001 393106
005 20231101064343.0
035 |a (RuTPU)RU\TPU\prd\28979 
090 |a 393106 
100 |a 20041019a2004 k y0rusy50 ca 
101 0 |a rus 
102 |a RU 
200 1 |a Роль органического вещества почв в миграции тяжёлых металлов  |f В. В. Добровольский 
320 |a Библиогр.: 10 назв. 
461 1 |0 (RuTPU)RU\TPU\prd\304  |x 0032-874X  |t Природа  |o естественно-научный журнал  |f Российская Академия наук  |d 1912- 
463 1 |0 (RuTPU)RU\TPU\prd\72995  |t № 7  |v с. 35-39  |d 2004 
610 1 |a почва 
610 1 |a тяжёлые металлы 
610 1 |a органические вещества 
610 1 |a миграция тяжёлых металлов 
610 1 |a почвенный гумус 
700 1 |a Добровольский  |b В. В. 
801 1 |a RU  |b 63413507  |c 20041019  |g PSBO 
801 2 |a RU  |b 63413507  |c 20150219  |g RCR 
942 |c BK